Welcome to CU Library Online Public Access Catalogue (OPAC)

PREACHING THE WHOLE BIBLE AS CHRISTIAN SCRIPTURE; (Record no. 6407)

MARC details
000 -LEADER
fixed length control field 00464nam a22001457a 4500
005 - DATE AND TIME OF LATEST TRANSACTION
control field 20250611090335.0
008 - FIXED-LENGTH DATA ELEMENTS--GENERAL INFORMATION
fixed length control field 250611b |||||||| |||| 00| 0 eng d
020 ## - INTERNATIONAL STANDARD BOOK NUMBER
International Standard Book Number 9780851115399
050 ## - LIBRARY OF CONGRESS CALL NUMBER
Classification number BS5345
Item number .5 GOL
100 ## - MAIN ENTRY--PERSONAL NAME
Personal name GOLDSWORTHY GRAEME
245 ## - TITLE STATEMENT
Title PREACHING THE WHOLE BIBLE AS CHRISTIAN SCRIPTURE;
Remainder of title THE APPLICATION OF BIBLICAL THEOLOGY TO EXPOSITORY PREACHING
260 ## - PUBLICATION, DISTRIBUTION, ETC.
Place of publication, distribution, etc. MICHIGAN
Name of publisher, distributor, etc. INTER-VARSITY PRESS
Date of publication, distribution, etc. c2000
300 ## - PHYSICAL DESCRIPTION
Extent xv, 272p
942 ## - ADDED ENTRY ELEMENTS (KOHA)
Source of classification or shelving scheme Library of Congress Classification
Koha item type Books
Suppress in OPAC No
999 ## -
-- 6407
-- 6407
Holdings
Withdrawn status Lost status Source of classification or shelving scheme Damaged status Not for loan Collection Home library Current library Shelving location Date acquired Total checkouts Full call number Barcode Date last seen Copy number Price effective from Koha item type
    Library of Congress Classification     Non-fiction Undergraduate Library (Christ Temple) Undergraduate Library (Christ Temple) General stacks 06/11/2025   BS534.5 GOL ulct00003194 06/11/2025 1 06/02/2025 Books
    Library of Congress Classification     Non-fiction Undergraduate Library (Christ Temple) Undergraduate Library (Christ Temple) General stacks 06/11/2025   BS534.5 GOL ulct00003195 06/11/2025 2 06/02/2025 Books
© 2023-2024 Copyright: Central University Libraries. All Rights Reserved | Created by: Mahone Tech Office